Краткий словарь-справочник по черчению

ग्रंथसूची विवरण
मुख्य लेखक: Маркаров С. М. Сурен Минаевич
भाषा:रूसी
प्रकाशित: Ленинград, Машиностроение, 1970
विषय:
स्वरूप: पुस्तक
KOHA link:https://koha.lib.tpu.ru/cgi-bin/koha/opac-detail.pl?biblionumber=78134

MARC

LEADER 00000nam0a2200000 4500
001 78134
005 20231031093720.0
035 |a (RuTPU)RU\TPU\book\83744 
090 |a 78134 
100 |a 20050610d1970 km y0rusy50 ca 
101 0 |a rus 
102 |a RU 
105 |a a eg 000zy 
200 1 |a Краткий словарь-справочник по черчению  |f С. М. Маркаров 
210 |a Ленинград  |c Машиностроение  |d 1970 
215 |a 159 с.  |c ил. 
610 1 |a черчение 
610 1 |a термины 
610 1 |a определения 
610 1 |a справочники 
610 1 |a словари 
675 |a 744(035)  |v 3 
675 |a 744(038)  |v 3 
700 1 |a Маркаров  |b С. М.  |g Сурен Минаевич 
801 1 |a RU  |b 63413507  |c 20050610  |g PSBO 
801 2 |a RU  |b 63413507  |c 20180821  |g PSBO 
942 |c BK